[Event "I Magistral Vila de Canovelles 2008"]
[Site "Canovelles ESP"]
[Date "2008.09.18"]
[Round "6.1"]
[White "Lariño Nieto, David"]
[Black "Hernando Rodrigo, Jose Maria"]
[Result "1/2-1/2"]
[WhiteElo "2426"]
[BlackElo "2377"]
[PlyCount "69"]
[EventDate "2008.09.13"]
[EventType "tourn"]
[EventRounds "9"]
[EventCountry "ESP"]
[EventCategory "8"]
[Source "lmi"]
[SourceDate "2008.09.13"]

1. e4 e6 2. d4 d5 3. e5 c5 4. c3 Ne7 5. Bd3 Nec6 6. Nf3 b6 7. Qe2 a5 8. Bg5 Qd7
9. O-O Ba6 10. dxc5 bxc5 11. Rd1 Bxd3 12. Rxd3 c4 13. Rd1 Qb7 14. Nbd2 Qxb2 15.
Rab1 Qxa2 16. Qe3 Nd7 17. Ra1 Qc2 18. Nxc4 Bc5 19. Nd6+ Bxd6 20. exd6 O-O 21.
Rac1 Qb3 22. c4 Qxe3 23. fxe3 dxc4 24. Rxc4 Nce5 25. Nxe5 Nxe5 26. Rc5 f6 27.
Rxe5 fxe5 28. d7 Rfd8 29. Kf2 Kf7 30. Ke2 h6 31. Rf1+ Kg6 32. Bxd8 Rxd8 33. Rd1
Kf6 34. Ra1 Rxd7 35. Rxa5 1/2-1/2

[Event "I Magistral Vila de Canovelles 2008"]
[Site "Canovelles ESP"]
[Date "2008.09.18"]
[Round "6.2"]
[White "Jerez Perez, Alfonso"]
[Black "Cruz, Filemon"]
[Result "0-1"]
[WhiteElo "2410"]
[BlackElo "2416"]
[PlyCount "106"]
[EventDate "2008.09.13"]
[EventType "tourn"]
[EventRounds "9"]
[EventCountry "ESP"]
[EventCategory "8"]
[Source "lmi"]
[SourceDate "2008.09.13"]

1. e4 e6 2. b3 d5 3. Bb2 c5 4. exd5 exd5 5. Nf3 Nf6 6. Bb5+ Nc6 7. O-O Be7 8.
d4 O-O 9. h3 Bf5 10. dxc5 Bxc5 11. Nc3 a6 12. Bxc6 bxc6 13. Na4 Bd6 14. Be5 Be4
15. Bxd6 Qxd6 16. c4 Rad8 17. cxd5 Nxd5 18. Ng5 Bg6 19. Nf3 Bh5 20. Qd3 Qf6 21.
Qd4 Bxf3 22. Qxf6 Nxf6 23. gxf3 Rfe8 24. Rad1 Nd5 25. Rd4 Rd6 26. Rfd1 f5 27.
Kf1 Rh6 28. h4 f4 29. Re4 Rf8 30. Rc1 Rff6 31. Nc3 Nxc3 32. Rxc3 Rxh4 33. Ke2
Rh1 34. Rd3 h5 35. Rdd4 Ra1 36. Rxf4 Rxa2+ 37. Kf1 Rxf4 38. Rxf4 Rb2 39. Rc4
Rxb3 40. Rxc6 a5 41. Rc5 a4 42. Kg2 g6 43. Ra5 a3 44. Ra6 Kg7 45. Kg3 g5 46.
Kg2 h4 47. Ra4 Kg6 48. Ra6+ Kf5 49. Ra5+ Kf4 50. Ra4+ Ke5 51. Ra5+ Kd4 52. Rxg5
Kc3 53. Ra5 Kb2 0-1

[Event "I Magistral Vila de Canovelles 2008"]
[Site "Canovelles ESP"]
[Date "2008.09.18"]
[Round "6.3"]
[White "Rodriguez Vila, Andres"]
[Black "Cruz, Cristhian"]
[Result "1/2-1/2"]
[WhiteElo "2531"]
[BlackElo "2508"]
[PlyCount "20"]
[EventDate "2008.09.13"]
[EventType "tourn"]
[EventRounds "9"]
[EventCountry "ESP"]
[EventCategory "8"]
[Source "lmi"]
[SourceDate "2008.09.13"]

1. d4 d5 2. c4 c6 3. Nf3 Nf6 4. cxd5 cxd5 5. Bf4 Bf5 6. e3 Nc6 7. Nc3 a6 8. Be2
e6 9. O-O Be7 10. Re1 O-O 1/2-1/2

[Event "I Magistral Vila de Canovelles 2008"]
[Site "Canovelles ESP"]
[Date "2008.09.18"]
[Round "6.4"]
[White "Almeida Quintana, Omar"]
[Black "Lorenzo De La Riva, Lazaro"]
[Result "1-0"]
[WhiteElo "2525"]
[BlackElo "2367"]
[PlyCount "55"]
[EventDate "2008.09.13"]
[EventType "tourn"]
[EventRounds "9"]
[EventCountry "ESP"]
[EventCategory "8"]
[Source "lmi"]
[SourceDate "2008.09.13"]

1. d4 d5 2. Nf3 Nf6 3. c4 c6 4. Nc3 e6 5. Bg5 h6 6. Bxf6 Qxf6 7. Qb3 Nd7 8. e4
dxe4 9. Nxe4 Qf4 10. Bd3 Be7 11. O-O O-O 12. Rfe1 b6 13. Rad1 Bb7 14. Ng3 Rfd8
15. Bb1 Bf8 16. Qc2 g6 17. Rxe6 Bg7 18. Re7 Qd6 19. Rde1 Kf8 20. h4 Qxe7 21.
Rxe7 Kxe7 22. h5 Nf8 23. Qe4+ Kd7 24. Qg4+ Kc7 25. Nf5 gxf5 26. Qxg7 Rd6 27.
Bxf5 Rad8 28. Ne5 1-0

[Event "I Magistral Vila de Canovelles 2008"]
[Site "Canovelles ESP"]
[Date "2008.09.18"]
[Round "6.5"]
[White "Rojas, Luis"]
[Black "Pogorelov, Ruslan"]
[Result "1-0"]
[WhiteElo "2406"]
[BlackElo "2459"]
[PlyCount "71"]
[EventDate "2008.09.13"]
[EventType "tourn"]
[EventRounds "9"]
[EventCountry "ESP"]
[EventCategory "8"]
[Source "lmi"]
[SourceDate "2008.09.13"]

1. e4 e6 2. d4 d5 3. e5 c5 4. c3 Nc6 5. Nf3 Bd7 6. Be2 Nge7 7. O-O Ng6 8. Be3
Be7 9. dxc5 Ngxe5 10. Nxe5 Nxe5 11. Nd2 O-O 12. f4 Nc6 13. b4 Bf6 14. b5 Ne7
15. Rc1 a6 16. a4 axb5 17. axb5 g6 18. Nf3 Nf5 19. Bf2 Ra5 20. Qb3 Qa8 21. g4
Ra3 22. Qd1 Ng7 23. Bd4 Be7 24. Ne5 Rd8 25. Qd3 Be8 26. Qe3 f6 27. Nf3 Qa4 28.
Rb1 Rb3 29. Bd1 Rxb1 30. Bxa4 Rxf1+ 31. Kxf1 Ra8 32. Bb3 Bxb5+ 33. Kf2 Bc6 34.
g5 Nf5 35. Qxe6+ Kf8 36. gxf6 1-0

[Event "I Magistral Vila de Canovelles 2008"]
[Site "Canovelles ESP"]
[Date "2008.09.19"]
[Round "7.1"]
[White "Pogorelov, Ruslan"]
[Black "Lariño Nieto, David"]
[Result "1-0"]
[WhiteElo "2459"]
[BlackElo "2426"]
[PlyCount "113"]
[EventDate "2008.09.13"]
[EventType "tourn"]
[EventRounds "9"]
[EventCountry "ESP"]
[EventCategory "8"]
[Source "lmi"]
[SourceDate "2008.09.13"]

1. Nf3 Nf6 2. c4 g6 3. Nc3 Bg7 4. e4 d6 5. d4 O-O 6. Be2 c5 7. O-O Nc6 8. d5
Na5 9. Bg5 h6 10. Bd2 b6 11. Qc2 e5 12. g3 Nh5 13. Ne1 f5 14. exf5 Bxf5 15. Ne4
Nf6 16. Bd3 Qd7 17. Ng2 Rf7 18. Rae1 Raf8 19. Nxf6+ Rxf6 20. b3 Qf7 21. f4 Nb7
22. Bxf5 Rxf5 23. Ne3 Rf6 24. fxe5 dxe5 25. Rxf6 Qxf6 26. Ng4 Qf3 27. Qe4 Qf7
28. Bxh6 Nd6 29. Bxg7 Nxe4 30. Nh6+ Kxg7 31. Nxf7 Rxf7 32. Rxe4 Kf6 33. Re2 Rb7
34. a4 a6 35. Kf2 b5 36. axb5 axb5 37. Ke3 bxc4 38. bxc4 Rb3+ 39. Ke4 Rc3 40.
Rf2+ Ke7 41. Ra2 Rxc4+ 42. Kxe5 Rc1 43. Ra7+ Ke8 44. Kd6 c4 45. Ra8+ Kf7 46.
Ra2 c3 47. Re2 Rd1 48. Re7+ Kf6 49. Rc7 Rd3 50. Rc4 g5 51. h4 Rxg3 52. hxg5+
Kxg5 53. Kc7 Kf5 54. d6 Ke6 55. d7 Kd5 56. Rc6 Rg8 57. Rxc3 1-0

[Event "I Magistral Vila de Canovelles 2008"]
[Site "Canovelles ESP"]
[Date "2008.09.19"]
[Round "7.2"]
[White "Lorenzo De La Riva, Lazaro"]
[Black "Rojas, Luis"]
[Result "1-0"]
[WhiteElo "2367"]
[BlackElo "2406"]
[PlyCount "91"]
[EventDate "2008.09.13"]
[EventType "tourn"]
[EventRounds "9"]
[EventCountry "ESP"]
[EventCategory "8"]
[Source "lmi"]
[SourceDate "2008.09.13"]

1. e4 e6 2. d4 d5 3. Nd2 c5 4. Ngf3 cxd4 5. Nxd4 Nc6 6. Bb5 Bd7 7. Nxc6 Bxc6 8.
Bxc6+ bxc6 9. c4 dxe4 10. Qa4 f5 11. Qxc6+ Kf7 12. O-O Nf6 13. Nb3 Rc8 14. Qa6
Qc7 15. Bf4 Qxc4 16. Qxa7+ Be7 17. Bd6 Nd5 18. Rfd1 Ra8 19. Qb7 Qa6 20. Qxa6
Rxa6 21. Bxe7 Kxe7 22. Nd4 Rd8 23. a3 Nf4 24. Nc2 Nd3 25. b4 Rc8 26. Ra2 Rac6
27. Rd2 Rc3 28. h3 Rb3 29. Rd1 Nb2 30. Nd4 Nxd1 31. Nxb3 Rc3 32. Nc5 Rc1 33.
Kh2 e3 34. fxe3 Nxe3 35. a4 f4 36. Nd3 Rc4 37. a5 Rd4 38. Ra3 Nc4 39. Rc3 Kd6
40. a6 Nb6 41. a7 Kd7 42. Nc5+ Kd6 43. Na4 Nxa4 44. a8=Q Nxc3 45. Qd8+ Ke5 46.
Qc7+ 1-0

[Event "I Magistral Vila de Canovelles 2008"]
[Site "Canovelles ESP"]
[Date "2008.09.19"]
[Round "7.5"]
[White "Hernando Rodrigo, Jose Maria"]
[Black "Jerez Perez, Alfonso"]
[Result "1/2-1/2"]
[WhiteElo "2377"]
[BlackElo "2410"]
[PlyCount "99"]
[EventDate "2008.09.13"]
[EventType "tourn"]
[EventRounds "9"]
[EventCountry "ESP"]
[EventCategory "8"]
[Source "lmi"]
[SourceDate "2008.09.13"]

1. d4 Nf6 2. Nf3 g6 3. Bf4 Bg7 4. e3 O-O 5. h3 b6 6. c4 Bb7 7. Nc3 d5 8. Rc1 c5
9. dxc5 bxc5 10. cxd5 Nxd5 11. Qb3 Nxc3 12. Qxb7 Nxa2 13. Rxc5 Qb6 14. Rb5 Qxb7
15. Rxb7 Rc8 16. Be2 Nc1 17. Kd2 Nxe2 18. Kxe2 Nc6 19. Rd1 e5 20. Bg3 Rab8 21.
Rdd7 Rxb7 22. Rxb7 f6 23. Nd2 f5 24. f3 a5 25. b3 f4 26. exf4 Nd4+ 27. Kd1 Nf5
28. Bh2 Ne3+ 29. Ke2 exf4 30. Bxf4 Nxg2 31. Bc7 Ra8 32. Rb8+ Rxb8 33. Bxb8 Bc3
34. Ne4 Bd4 35. Kd3 Bb6 36. Nf6+ Kf7 37. Nxh7 Bd8 38. f4 Ke6 39. Ke4 Nh4 40.
Nf8+ Ke7 41. Nh7 Ke6 42. Ng5+ Kd7 43. Kd5 Bxg5 44. fxg5 Nf3 45. Bf4 Ng1 46. Kc5
Nxh3 47. Bc1 a4 48. b4 a3 49. Bxa3 Nxg5 50. Kb6 1/2-1/2

[Event "I Magistral Vila de Canovelles 2008"]
[Site "Canovelles ESP"]
[Date "2008.09.20"]
[Round "8.1"]
[White "Lariño Nieto, David"]
[Black "Jerez Perez, Alfonso"]
[Result "1-0"]
[WhiteElo "2426"]
[BlackElo "2410"]
[PlyCount "57"]
[EventDate "2008.09.13"]
[EventType "tourn"]
[EventRounds "9"]
[EventCountry "ESP"]
[EventCategory "8"]
[Source "lmi"]
[SourceDate "2008.09.13"]

1. e4 e6 2. Nf3 d5 3. Nc3 Bb4 4. e5 Ne7 5. a3 Ba5 6. b4 Bb6 7. Na4 O-O 8. d4
Bd7 9. Nxb6 axb6 10. Bd3 f6 11. exf6 gxf6 12. g4 c5 13. Bh6 Rf7 14. g5 c4 15.
gxf6 cxd3 16. fxe7 Qxe7 17. Rg1+ Kh8 18. Ne5 Nc6 19. Nxf7+ Qxf7 20. Bg7+ Kg8
21. Qxd3 Qh5 22. Be5+ Kf8 23. Qg3 Nxe5 24. Qg7+ Ke8 25. Qxe5 Qxe5+ 26. dxe5 Kf7
27. Kd2 Rc8 28. Rg4 Ba4 29. c3 1-0

[Event "I Magistral Vila de Canovelles 2008"]
[Site "Canovelles ESP"]
[Date "2008.09.20"]
[Round "8.2"]
[White "Rodriguez Vila, Andres"]
[Black "Hernando Rodrigo, Jose Maria"]
[Result "1/2-1/2"]
[WhiteElo "2531"]
[BlackElo "2377"]
[PlyCount "20"]
[EventDate "2008.09.13"]
[EventType "tourn"]
[EventRounds "9"]
[EventCountry "ESP"]
[EventCategory "8"]
[Source "lmi"]
[SourceDate "2008.09.13"]

1. e4 e5 2. Nf3 Nf6 3. Nxe5 d6 4. Nf3 Nxe4 5. Qe2 Qe7 6. d3 Nf6 7. Nc3 Qxe2+ 8.
Bxe2 Be7 9. O-O O-O 10. Be3 Be6 1/2-1/2

[Event "I Magistral Vila de Canovelles 2008"]
[Site "Canovelles ESP"]
[Date "2008.09.20"]
[Round "8.4"]
[White "Rojas, Luis"]
[Black "Cruz, Cristhian"]
[Result "0-1"]
[WhiteElo "2406"]
[BlackElo "2508"]
[PlyCount "58"]
[EventDate "2008.09.13"]
[EventType "tourn"]
[EventRounds "9"]
[EventCountry "ESP"]
[EventCategory "8"]
[Source "lmi"]
[SourceDate "2008.09.13"]

1. e4 c5 2. Nf3 d6 3. d4 Nf6 4. Nc3 cxd4 5. Nxd4 a6 6. Be3 e5 7. Nb3 Be6 8. f3
Nbd7 9. g4 Be7 10. g5 Nh5 11. Qd2 O-O 12. O-O-O Rc8 13. Rg1 b5 14. Qf2 Rxc3 15.
bxc3 Qc7 16. Qd2 Nb6 17. Bxb6 Qxb6 18. Bd3 a5 19. Kb1 Rc8 20. h4 Nf4 21. Rge1
d5 22. Qe3 d4 23. cxd4 Ng2 24. Qf2 Nxe1 25. Rxe1 a4 26. Nc5 Qa5 27. Nxe6 Ba3
28. c3 Qxc3 29. Nc5 exd4 0-1

[Event "I Magistral Vila de Canovelles 2008"]
[Site "Canovelles ESP"]
[Date "2008.09.21"]
[Round "9.1"]
[White "Lorenzo De La Riva, Lazaro"]
[Black "Lariño Nieto, David"]
[Result "1/2-1/2"]
[WhiteElo "2367"]
[BlackElo "2426"]
[PlyCount "26"]
[EventDate "2008.09.13"]
[EventType "tourn"]
[EventRounds "9"]
[EventCountry "ESP"]
[EventCategory "8"]
[Source "lmi"]
[SourceDate "2008.09.13"]

1. e4 e6 2. d4 d5 3. exd5 exd5 4. Bd3 Bd6 5. Ne2 Ne7 6. Bf4 O-O 7. O-O Bxf4 8.
Nxf4 Bf5 9. Bxf5 Nxf5 10. c3 c6 11. Nd2 Nd7 12. Re1 Re8 13. Rxe8+ Qxe8 1/2-1/2

[Event "I Magistral Vila de Canovelles 2008"]
[Site "Canovelles ESP"]
[Date "2008.09.21"]
[Round "9.2"]
[White "Cruz, Cristhian"]
[Black "Pogorelov, Ruslan"]
[Result "1/2-1/2"]
[WhiteElo "2508"]
[BlackElo "2459"]
[PlyCount "33"]
[EventDate "2008.09.13"]
[EventType "tourn"]
[EventRounds "9"]
[EventCountry "ESP"]
[EventCategory "8"]
[Source "lmi"]
[SourceDate "2008.09.13"]

1. d4 Nf6 2. c4 e6 3. Nf3 b6 4. g3 Ba6 5. b3 Bb4+ 6. Bd2 Qe7 7. Bg2 Bb7 8. O-O
O-O 9. Nc3 d5 10. cxd5 exd5 11. Rc1 Na6 12. Ne5 c5 13. dxc5 bxc5 14. Na4 Ne4
15. Bxe4 dxe4 16. Be3 Qc7 17. Qd7 1/2-1/2

[Event "I Magistral Vila de Canovelles 2008"]
[Site "Canovelles ESP"]
[Date "2008.09.21"]
[Round "9.3"]
[White "Cruz, Filemon"]
[Black "Rojas, Luis"]
[Result "1/2-1/2"]
[WhiteElo "2416"]
[BlackElo "2406"]
[PlyCount "26"]
[EventDate "2008.09.13"]
[EventType "tourn"]
[EventRounds "9"]
[EventCountry "ESP"]
[EventCategory "8"]
[Source "lmi"]
[SourceDate "2008.09.13"]

1. d4 Nf6 2. Nf3 e6 3. e3 c5 4. Bd3 Nc6 5. O-O Be7 6. b3 O-O 7. Bb2 b6 8. c4
Bb7 9. Qe2 cxd4 10. exd4 d5 11. Nbd2 Rc8 12. Rac1 dxc4 13. bxc4 Re8 1/2-1/2

[Event "I Magistral Vila de Canovelles 2008"]
[Site "Canovelles ESP"]
[Date "2008.09.21"]
[Round "9.4"]
[White "Hernando Rodrigo, Jose Maria"]
[Black "Almeida Quintana, Omar"]
[Result "0-1"]
[WhiteElo "2377"]
[BlackElo "2525"]
[PlyCount "111"]
[EventDate "2008.09.13"]
[EventType "tourn"]
[EventRounds "9"]
[EventCountry "ESP"]
[EventCategory "8"]
[Source "lmi"]
[SourceDate "2008.09.13"]

1. d4 Nf6 2. c4 g6 3. Nc3 Bg7 4. e4 d6 5. f3 O-O 6. Bg5 c5 7. d5 h6 8. Be3 e6
9. a4 exd5 10. cxd5 Na6 11. Bc4 Nd7 12. Nge2 Ne5 13. Ba2 Nb4 14. O-O a6 15. Bb1
Bd7 16. h3 Nc4 17. Bc1 b5 18. axb5 axb5 19. Rxa8 Qxa8 20. f4 f5 21. exf5 gxf5
22. Ng3 Qd8 23. Re1 Qh4 24. Kh2 Bd4 25. Qe2 Qf6 26. Qe7 Nb6 27. Qxf6 Rxf6 28.
Nge2 Bxc3 29. Nxc3 N6xd5 30. Nxd5 Nxd5 31. b3 Re6 32. Rg1 Re2 33. Bd3 Ra2 34.
Bb1 Ra1 35. Bb2 Ra6 36. g4 fxg4 37. f5 Kf7 38. Rxg4 Nf6 39. Rh4 d5 40. Kg3 h5
41. Kf4 d4 42. Kg5 Ra8 43. b4 Rg8+ 44. Kh6 Rg2 45. Ba3 cxb4 46. Bc1 b3 47. Rxd4
Rg1 48. Bg5 Rxb1 49. Bxf6 Kxf6 50. Rxd7 Rh1 51. Rd6+ Kxf5 52. Rd5+ Ke4 53. Rxb5
Rxh3 54. Rb4+ Kd5 55. Kg5 Kc5 56. Rb8 0-1

[Event "I Magistral Vila de Canovelles 2008"]
[Site "Canovelles ESP"]
[Date "2008.09.21"]
[Round "9.5"]
[White "Jerez Perez, Alfonso"]
[Black "Rodriguez Vila, Andres"]
[Result "1/2-1/2"]
[WhiteElo "2410"]
[BlackElo "2531"]
[PlyCount "75"]
[EventDate "2008.09.13"]
[EventType "tourn"]
[EventRounds "9"]
[EventCountry "ESP"]
[EventCategory "8"]
[Source "lmi"]
[SourceDate "2008.09.13"]

1. e4 d6 2. d4 g6 3. c4 Bg7 4. Nf3 Bg4 5. Be2 Nc6 6. Be3 e5 7. d5 Bxf3 8. Bxf3
Nd4 9. O-O Ne7 10. Nc3 c5 11. dxc6 bxc6 12. c5 O-O 13. cxd6 Qxd6 14. Be2 Rab8
15. b3 Rfd8 16. Bc4 Nc8 17. f4 Qb4 18. Bxd4 Rxd4 19. Qf3 Nd6 20. fxe5 Nxc4 21.
bxc4 Qxc4 22. Rac1 Qe6 23. Ne2 Rd2 24. Nf4 Qd7 25. Rfd1 Bxe5 26. Nd3 Bd4+ 27.
Kh1 Rxd1+ 28. Rxd1 Qe6 29. Qe2 Re8 30. Re1 Qc4 31. Rc1 Qb5 32. Qf3 Re6 33. Rd1
Qc4 34. e5 Qc2 35. Rf1 Re7 36. Nb4 Qc4 37. Nxc6 Rd7 38. Rd1 1/2-1/2